Statistics for Top 30 Countries with surname Rahman

Click here to take the quiz!

General Stats

  • This quiz has been taken 45 times
  • The average score is 21 of 30

Answer Stats

PopulationAnswer% Correct
508,956India
96%
316,570Pakistan
96%
17,915United States of America
93%
8,118,254Bangladesh
91%
4,364Oman
89%
68,221Saudi Arabia
89%
19,471United Arab Emirates
89%
3,294Australia
87%
5,267Canada
84%
21,450Egypt
84%
265,205Indonesia
84%
10,031Iran
84%
26,206Iraq
84%
3,605Kuwait
84%
4,076Qatar
80%
80,235Malaysia
78%
7,304Sri Lanka
73%
54,413Afghanistan
71%
2,699Libya
71%
4,943Germany
69%
3,105South Africa
69%
19,702Sudan
69%
25,043England
64%
27,969Nigeria
60%
4,193Singapore
49%
27,189Japan
44%
5,469South Korea
36%
6,630Ghana
16%
2,751Mozambique
13%
3,343Sierra Leone
4%

Score Distribution

Percentile by Number Answered

Percent of People with Each Score

Your Score History

You have not taken this quiz